Highest Goalscorers at the FIFA World Cup by Country - Statistics

General Stats
  • This quiz has been taken 474 times
    377 since last reset
  • The average score is 17 of 39
Answer Stats
Country Goals Answer % Correct
Brazil 15 Ronaldo
99%
Argentina 13 Lionel Messi
96%
Germany/West Germany 16 Miroslav Klose
91%
Spain 9 David Villa
73%
Belgium 5 Romelu Lukaku
73%
Portugal 9 Eusébio
71%
Italy 9 Roberto Baggio
68%
South Korea 3 Son Heung-min
68%
France 13 Just Fontaine
62%
Colombia 6 James Rodríguez
60%
Bulgaria 6 Hristo Stoichkov
57%
Italy 9 Paolo Rossi
57%
Croatia 6 Davor Šuker
54%
England 10 Gary Lineker
54%
Mexico 4 Javier Hernández
51%
Ireland 3 Robbie Keane
51%
United States 5 Landon Donovan
50%
Mexico 4 Luis Hernández
50%
Australia 5 Tim Cahill
48%
Sweden 5 Henrik Larsson
44%
Croatia 6 Ivan Perišić
43%
Italy 9 Christian Vieri
39%
South Korea 3 Park Ji-sung
39%
Cameroon 5 Roger Milla
36%
Poland 10 Grzegorz Lato
35%
Hungary 11 Sándor Kocsis
33%
Japan 4 Keisuke Honda
31%
Nigeria 4 Ahmed Musa
19%
Russia/USSR 6 Oleg Salenko
19%
Denmark 5 Jon Dahl Tomasson
17%
Netherlands 7 Johnny Rep
15%
Belgium 5 Marc Wilmots
13%
Sweden 5 Kennet Andersson
11%
Czechoslovakia/Czech Republic 7 Oldřich Nejedlý
11%
South Korea 3 Ahn Jung-hwan
9%
Romania 4 Florin Răducioiu
8%
Scotland 4 Joe Jordan
7%
Uruguay 8 Oscar Míguez
6%
Yugoslavia/Serbia 4 Dražan Jerković
4%
No matching quizzes found
Score Distribution
Percent of People with Each Score
Percentile by Number Answered
Your Score History
You have not taken this quiz since the last reset